PR-SOF-1139-MECHANICAL CHARACTERIZATION AND DIELECTRIC PROPERTIES OF POLYMER BASED FOAMY MATE (Record no. 578343)

000 -LEADER
fixed length control field 00384nam a22001217a 4500
082 ## - DEWEY DECIMAL CLASSIFICATION NUMBER
Classification number 220 PRO
100 ## - MAIN ENTRY--PERSONAL NAME
Personal name ABDULLAH,SAJID,AHMED
9 (RLIN) 72200
245 ## - TITLE STATEMENT
Title PR-SOF-1139-MECHANICAL CHARACTERIZATION AND DIELECTRIC PROPERTIES OF POLYMER BASED FOAMY MATE
260 ## - PUBLICATION, DISTRIBUTION, ETC.
Place of publication, distribution, etc. ISLAMABAD
Name of publisher, distributor, etc. NUST COLLEGE OF EME
Date of publication, distribution, etc. 2012
650 ## - SUBJECT ADDED ENTRY--TOPICAL TERM
Topical term or geographic name entry element DE-MECH-30
9 (RLIN) 72201
700 ## - ADDED ENTRY--PERSONAL NAME
Personal name DR MUHAMMAD SHAHID
9 (RLIN) 16160
942 ## - ADDED ENTRY ELEMENTS (KOHA)
Koha item type Continuing Resources
Holdings
Withdrawn status Lost status Damaged status Not for loan Permanent Location Current Location Shelving location Date acquired Total Checkouts Full call number Barcode Date last seen Price effective from Koha item type
        College of Electrical & Mechanical Engineering (CEME) College of Electrical & Mechanical Engineering (CEME) Reference 12/11/2019   220 PRO PR-SOF-1139 06/28/2021 06/28/2021 Continuing Resources
© 2023 Central Library, National University of Sciences and Technology. All Rights Reserved.